000 00886nam a2200217 a 4500
005 20200104041540.0
008 140311t2002 it ao fr|||| 000 0 spa d
040 _aCO-BoIAVH
_cCO-BoIAVH
041 0 _aspa
044 _ait
082 0 4 _a333.9534
_bO68t
110 2 _aItalia
_bOrganización de las Naciones Unidas para la Agricultura y la Alimentación
245 1 3 _aEl tratado internacional sobre los recursos fitogenéticos para la alimentación y la agricultura :
_badoptado por el 31° período de sesiones de la conferencia de la FAO
260 _aRoma :
_bFAO ,
_c2001.
300 _a27 páginas :
_bIlustraciones (algunas a color), fotografías (algunas a color) ;
_c30 x 21 cm.
_eContiene un folleto.
650 1 6 _aRecursos fitogenéticos
650 2 6 _aAgricultura
650 2 6 _aDerechos del agricultor
650 1 6 _aFAO
942 _cLIBRO
_2ddc
999 _c3501
_d3501